Administration problems of state enterprises in India : report (Record no. 501759)

000 -LEADER
fixed length control field 00430cam a22001097a 4500
008 - FIXED-LENGTH DATA ELEMENTS--GENERAL INFORMATION
fixed length control field 180718b1957 xxu||||| |||| 00| 0 eng d
082 ## - DEWEY DECIMAL CLASSIFICATION NUMBER
Classification number U1x54 In2
245 ## - TITLE STATEMENT
Title Administration problems of state enterprises in India : report
Statement of responsibility, etc. by Indian Institute of Public Administration, India
260 ## - PUBLICATION, DISTRIBUTION, ETC.
Place of publication, distribution, etc. Delhi
Name of publisher, distributor, etc. Indian Institute of Public Administration
Date of publication, distribution, etc. 1957
300 ## - PHYSICAL DESCRIPTION
Extent xiii,188p.
700 ## - ADDED ENTRY--PERSONAL NAME
Personal name India. Indian Institute of Public Administration
Holdings
Withdrawn status Lost status Damaged status Not for loan Permanent Location Current Location Date acquired Full call number Barcode Date last seen Price effective from Koha item type
        Indian Institute of Public Administration Indian Institute of Public Administration 2018-08-04 U1x54 In2 GR1858 2018-08-04 2018-08-04 GR

Powered by Koha